000 00323nam a22001337a 4500
020 _a978-1-292-08040-6
082 _a808.066
100 _aSheehan, Richard J.
245 _aTechnical Communication Strategies for Today
250 _a2nd
260 _aHarlow:
_bPearson,
_c2015
300 _a527p.: ill.; 23cm
942 _cBK
999 _c22202
_d22202